เมืองเปลี่ยนประเทศเปลี่ยน : (ระเบียนเลขที่ 101365)
| 000 -LEADER | |
|---|---|
| fixed length control field | 04606nam a22003377a 4500 |
| 003 - CONTROL NUMBER IDENTIFIER | |
| control field | NALT |
| 005 - DATE AND TIME OF LATEST TRANSACTION | |
| control field | 20260109131413.0 |
| 008 - FIXED-LENGTH DATA ELEMENTS--GENERAL INFORMATION | |
| fixed length control field | 230201b th ||||| |||| 00| 0 tha d |
| 020 ## - INTERNATIONAL STANDARD BOOK NUMBER | |
| International Standard Book Number | 9786164762824 |
| 040 ## - CATALOGING SOURCE | |
| Original cataloging agency | NALT |
| 050 ## - LIBRARY OF CONGRESS CALL NUMBER | |
| Classification number | HT 166 |
| Item number | ว874ม 2565 |
| 100 0# - MAIN ENTRY--PERSONAL NAME | |
| Personal name | วุฒิสาร ตันไชย. |
| 9 (RLIN) | 3158 |
| 245 10 - TITLE STATEMENT | |
| Title | เมืองเปลี่ยนประเทศเปลี่ยน : |
| Remainder of title | ระบบเมือง และการพัฒนาเมืองเชิงมหภาค / |
| Statement of responsibility, etc. | วุฒิสาร ตันไชย และ ชัยวุฒิ ตันไชย. |
| Medium | [electronic resource] |
| 250 ## - EDITION STATEMENT | |
| Edition statement | พิมพ์ครั้งที่ 1. |
| 260 ## - PUBLICATION, DISTRIBUTION, ETC. | |
| Place of publication, distribution, etc. | กรุงเทพฯ : |
| Name of publisher, distributor, etc. | สถาบันพระปกเกล้า, |
| Date of publication, distribution, etc. | 2565. |
| 300 ## - PHYSICAL DESCRIPTION | |
| Extent | 78 หน้า : |
| Other physical details | ภาพประกอบ ; |
| Dimensions | 21 ซม. |
| 300 ## - PHYSICAL DESCRIPTION | |
| Extent | Online resource |
| 505 1# - FORMATTED CONTENTS NOTE | |
| Formatted contents note | บทที่ 1 บทนำ -- บทที่ 2 เกาหลีใต้ : การพัฒนาเครือข่าบเมืองศูนย์กลางเพื่อขับเคลื่อนการพัฒนา -- บทที่ 3 อังกฤษ : ระบบเมืองความสำเร็จเบื้องหลังการกระจายอำนาจ -- บทที่ 4 อินเดีย : ตัวแบบการพัฒนาเครือข่ายเมืองอัจฉริยะในรูปแบบการแข่งขันระหว่างเมือง -- บทที่ 5 การถอดบทเรียนของประเทศไทยและแนวทางการนำตัวแบบการพัฒนามาปรับใช้. |
| 520 ## - SUMMARY, ETC. | |
| Summary, etc. | หนังสือเมืองเปลี่ยนประเทศเปลี่ยนเล่มนี้จะพาผู้อ่านเดินทางไปยังเมืองต่างๆ ที่ประสบความสำเร็จในแต่ละด้านของการพัฒนาเมือง ไม่ว่าจะเป็นเมืองในเกาหลีใต้ อังกฤษ หรือจะเป็นอินเดีย โดยแต่ละเมืองก็จะมีจุดเด่นของการจัดทำนโยบายหรือวิสัยทัศน์การพัฒนาที่แตกต่างกันไป แอดมินคิดว่าน่าสนใจมากเลยทีเดียว . นอกจากที่หนังสือเล่มนี้จะพาไปดูแต่ละเมืองแล้ว ในบทสุดท้ายได้มีการวิเคราะห์ ถอดบทเรียนของประเทศไทย และให้แนวทางการนำตัวแบบการพัฒนาไปใช้ ให้การพัฒนาเมืองในประเทศได้พัฒนาอย่างมีศักยภาพมากที่สุด ซึ่งสิ่งนี้เป็นประโยชน์อย่างมากสำหรับนักวิชาการ นักศึกษาที่มีความสนใจ และเป็น inspiration ให้กับผู้บริหารองค์กรปกครองส่วนท้องถิ่นให้ดึงศักยภาพของพื้นที่ ไม่ว่าจะเป็นทุนมนุษย์ ทุนที่ดิน ทุนวัฒนธรรม และทุนความหลากหลายทางชีวภาพให้เกิดประโยชน์สูงสุด.<br/> |
| 650 #4 - SUBJECT ADDED ENTRY--TOPICAL TERM | |
| 9 (RLIN) | 22947 |
| Topical term or geographic name entry element | การพัฒนาเมือง |
| 650 #4 - SUBJECT ADDED ENTRY--TOPICAL TERM | |
| 9 (RLIN) | 50827 |
| Topical term or geographic name entry element | เมือง |
| General subdivision | การเจริญเติบโต |
| 650 #4 - SUBJECT ADDED ENTRY--TOPICAL TERM | |
| 9 (RLIN) | 47310 |
| Topical term or geographic name entry element | การพัฒนาชุมชนเมือง |
| 650 #4 - SUBJECT ADDED ENTRY--TOPICAL TERM | |
| 9 (RLIN) | 3803 |
| Topical term or geographic name entry element | การพัฒนาประเทศ |
| 700 0# - ADDED ENTRY--PERSONAL NAME | |
| Personal name | ชัยวุฒิ ตันไชย. |
| 9 (RLIN) | 47312 |
| 850 ## - HOLDING INSTITUTION | |
| Holding institution | NALT |
| 856 40 - ELECTRONIC LOCATION AND ACCESS | |
| Uniform Resource Identifier | <a href="https://ebook.parliament.go.th/ebookall/detail/438309">https://ebook.parliament.go.th/ebookall/detail/438309</a> |
| Link text | E-Book |
| 942 ## - ADDED ENTRY ELEMENTS (KOHA) | |
| Koha item type | General Book |
| Source of classification or shelving scheme | Library of Congress Classification |
| 996 ## - STAFF PROCESSING RECORDS (NALT) | |
| Staff name | jamriang.p |
| Staff type | CATSTF |
| Acquisition or Cataloging date | 2026-01-09 |
| 998 ## - STAFF NAME (NALT) | |
| -- | 1020 |
| -- | นางจำเรียง ระวังสำโรง |
| Withdrawn status | Lost status | Source of classification or shelving scheme | Damaged status | Not for loan | Collection code | Home library | Current library | Shelving location | Date acquired | Total Checkouts | Total Renewals | Full call number | Barcode | Date last seen | Date last checked out | Copy number | Price effective from | Koha item type | Source of acquisition |
|---|---|---|---|---|---|---|---|---|---|---|---|---|---|---|---|---|---|---|---|
| Library of Congress Classification | General Book collection | National Assembly Library of Thailand | National Assembly Library of Thailand | General Book shelves | 01/02/2023 | 2 | 1 | HT 166 ว874ม 2565 | 3961213511 | 08/03/2023 | 01/03/2023 | ฉ.1 | 01/02/2023 | General Book | |||||
| Library of Congress Classification | General Book collection | National Assembly Library of Thailand | National Assembly Library of Thailand | General Book shelves | 01/02/2023 | 1 | HT 166 ว874ม 2565 | 3961213512 | 27/03/2023 | 20/03/2023 | ฉ.2 | 01/02/2023 | General Book | ||||||
| Library of Congress Classification | Electronic Resources | National Assembly Library of Thailand | National Assembly Library of Thailand | Online Access | 29/09/2025 | 29/09/2025 | 1 | 29/09/2025 | E-Book | 191 |
